00523nam a22001577a 4500003000900000008004100009020002200050040007100072082002300143110001400166245006600180260003000246300001100276505005200287650002600339AR-CdUCM190409b ||||| |||| 00| 0 spa d a978-1-4748-5014-8 aMUNICIPALIDAD PROVINCIAL DEL CUSCOcBIBLIOTECA MUNICIPAL DEL CUSCO aPI / 808.06 /bC64 aParragon. aCírculos, Cuadrados, Estrellas :bCalcomanías y dibujos / aChina :bParragon,c2016. c27 cm. aContenido :Círculos, cuadrados y estrellas... aFiguras geométricas